|
|
|
|
| LEADER |
00000cam a2200000 a 4500 |
| 001 |
UCD6193 |
| 003 |
CL-VaPUC |
| 008 |
161124e20060000ag |||||||||||||||||spa|d |
| 020 |
|
|
|a 9789875000949
|
| 082 |
0 |
4 |
|a 070.4
|b BOC
|2 21
|
| 100 |
0 |
|
|a Boczkowski, Pablo J
|e author
|9 589906
|
| 245 |
1 |
0 |
|a Digitalizar las noticias: innovación en los diarios online
|
| 250 |
|
|
|a 1a. ed
|
| 300 |
|
|
|a 277 p
|
| 942 |
|
|
|c BK
|
| 945 |
|
|
|d 20161124 22:47:00
|a dcastane
|
| 260 |
|
|
|a Buenos Aires
|b Manantial
|c 2006
|
| 650 |
|
0 |
|a Periodismo
|9 310113
|
| 650 |
|
7 |
|a PERIODISMO ELECTRONICO
|2 CL-VaPUC
|9 464481
|
| 650 |
|
7 |
|a DIARIOS DIGITALES
|2 CL-VaPUC
|9 589907
|
| 650 |
|
0 |
|a Internet
|9 254823
|
| 650 |
|
7 |
|a INNOVACIONES TECNOLOGICAS
|2 CL-VaPUC
|9 589908
|
| 583 |
|
|
|a last modification
|c 20161124 22:47:00
|k Rodrigo Vera
|
| 999 |
|
|
|c 366558
|d 366556
|
| 952 |
|
|
|0 0
|1 0
|3 erb
|4 0
|6 070_400000000000000_BOC_2006
|7 0
|8 A
|9 480846
|a BIBCUR
|b BIBCUR
|i 5350107
|o 070.4 BOC 2006
|p 5350107
|r 2025-04-22
|w 2019-11-24
|y BK
|z Catalogado en:20161124
|k PER
|